=LDR 00000nam 2200000 4500 =001 INLIS000000000049342 =005 20170210135421.0 =006 =007 =008 =020 ##$$a 978-979-3703-48-0 =035 ##$$0010-021700000000134 =040 ##$$a NBPDMAT =082 ##$$a 912.959 816 3 =090 ##$$aR.912.959 816 3 $bAch a =100 ##$$a Achmad Chaldun =245 ##$$a Atlas tematik provinsi Kepulauan Bangka Belitung $b: Administrasi, Sosial Budaya, Transportasi dan Perdagangan - Sumber daya Alam $c/ Achmad Chaldun; Achmad Rusdi =250 ##$$a Cet. 1 =260 ##$$a Surabaya $b Karya Pembina Swajaya $c 2007 =300 ##$$a 55 hlm. : $b ilus. ; $c 31 cm =500 ##$$a Indeks hlm : 53 - 54 =650 ##$$a Atlas Kepulauan Bangka Belitung =700 ##$$a Achmad Rusdi =850 ##$$a NBPDMAT =990 ##$$a 21606004 =990 ##$$a 21606005 =990 ##$$a 21606006 =990 ##$$a 21606007